|
|
|
|
| LEADER |
00000nam0a2200000 4500 |
| 001 |
282433 |
| 005 |
20231101235510.0 |
| 035 |
|
|
|a (RuTPU)RU\TPU\book\306329
|
| 090 |
|
|
|a 282433
|
| 100 |
|
|
|a 20150130d1984 k y0rusy50 ca
|
| 101 |
0 |
|
|a rus
|
| 102 |
|
|
|a RU
|
| 105 |
|
|
|a y z 001zy
|
| 200 |
1 |
|
|a Революционная демократия и коммунисты Востока
|f Академия наук СССР (АН СССР), Институт международного рабочего движения (ИМРД) ; под ред. Р. А. Ульяновского
|
| 210 |
|
|
|a Москва
|c Восточная литература
|d 1984
|
| 215 |
|
|
|a 378 с.
|
| 320 |
|
|
|a Указатель имен: с. 373-377
|
| 606 |
1 |
|
|a Общественное сознание в развивающихся странах
|2 stltpush
|3 (RuTPU)RU\TPU\subj\46664
|9 65781
|
| 610 |
1 |
|
|a коммунистическое движение
|
| 610 |
1 |
|
|a страны Востока
|
| 610 |
1 |
|
|a революционное движение
|
| 610 |
1 |
|
|a демократия
|
| 610 |
1 |
|
|a некапиталистический путь развития
|
| 610 |
1 |
|
|a 20 век
|
| 610 |
1 |
|
|a история
|
| 686 |
|
|
|a Ф3(0,7)1
|v LBC/SL-A
|2 rubbk
|
| 702 |
|
1 |
|a Ульяновский
|b Р. А.
|4 340
|
| 712 |
0 |
2 |
|a Академия наук СССР (АН СССР)
|b Институт международного рабочего движения (ИМРД)
|c (Москва)
|c (1966-1991)
|2 stltpush
|3 (RuTPU)RU\TPU\col\7681
|
| 801 |
|
1 |
|a RU
|b 63413507
|c 20150130
|
| 801 |
|
2 |
|a RU
|b 63413507
|c 20170724
|g RCR
|
| 942 |
|
|
|c BK
|